Statistics for Events by U.S. State #1

Click here to take the quiz!

General Stats

  • This quiz has been taken 8,166 times
  • The average score is 11 of 16

Answer Stats

Question Answer % Correct
1848: Gold is discovered, triggering a massive gold rushCalifornia
91%
1776: Signing of the Declaration of IndependencePennsylvania
90%
1836: Battle of the AlamoTexas
89%
1620: The Mayflower lands at Plymouth RockMassachusetts
84%
1995: Terrorist bombing of the Alfred P. Murrah Federal BuildingOklahoma
79%
1879: Edison invents the light bulbNew Jersey
78%
1969: Apollo 12 launchesFlorida
77%
1955: Rosa Parks refuses to give up her seat on the busAlabama
77%
1969: Woodstock music festivalNew York
69%
1513: Juan Ponce de León leads the first European expedition in the continental U.S.Florida
66%
1970: National guardsmen kill four protestors at Kent State UniversityOhio
65%
1968: Assassination of Martin Luther King Jr.Tennessee
59%
1814: Francis Scott Key writes "The Star-Spangled Banner"Maryland
59%
1968: Riots at the Democratic National ConventionIllinois
47%
1809: Abraham Lincoln bornKentucky
44%
1975: Teamsters leader Jimmy Hoffa last seen aliveMichigan
37%

Score Distribution

Percentile by Number Answered

Percent of People with Each Score

Your Score History

You have not taken this quiz